|
|
|
|
| LEADER |
00874nam a22002411 4500 |
| 001 |
c000142675 |
| 003 |
CARM |
| 005 |
00000000000000.0 |
| 008 |
740605s1967 nyu b 00000 eng |
| 019 |
1 |
|
|a 675345
|5 LACONCORD2021
|
| 035 |
|
|
|a (OCoLC)186742
|5 LACONCORD2021
|
| 050 |
0 |
0 |
|a LB1620.5
|b .F39
|
| 100 |
1 |
|
|a Fedder, Ruth,
|d 1907-
|
| 245 |
1 |
0 |
|a Guidance in the homeroom.
|
| 260 |
|
|
|a New York,
|b Teachers College Press
|c [1967]
|
| 300 |
|
|
|a xi, 154 p.
|c 21 cm.
|
| 440 |
|
0 |
|a Series in guidance and student personnel administration
|
| 504 |
|
|
|a Bibliographical footnotes.
|
| 650 |
|
0 |
|a Group guidance in education.
|
| 852 |
8 |
|
|b CARM
|h A2:AH31A0
|i B03739
|p 0180194
|f BK
|
| 082 |
0 |
4 |
|a 371.48
|
| 999 |
f |
f |
|i 85790c79-5eee-5663-9be6-651ae9778f9a
|s fbf8b66f-2ccf-5f25-9101-98a7907bb8a1
|
| 952 |
f |
f |
|p Can circulate
|a CAVAL
|b CAVAL
|c CAVAL
|d CARM 1 Store
|e B03739
|f A2:AH31A0
|h Other scheme
|i book
|m 0180194
|